000 00980nam a2200277Ia 4500
003 OSt
005 20220924124621.0
006 a|||||r|||| 00| 0
007 ta
008 220923b |||||||| |||| 00| 0 mar d
020 _a9788126033355 (hbk)
020 _c125
024 _a280003
037 _b773, 06/02/2014, Anshika Book International
_cTextual
040 _aARTS
_cARTS
_bmar
041 _2mar
_amar
082 _aO155,3N27x, 111Q3
100 _aMadgulkar Vyankatesh
_9174684
245 0 _aSweet water and other country stories
_b Selection from the short stories of Vyankatesh Madgulkar
260 _aNew Delhi
_b Sahitya Akademi India
_c2013
300 _axxxiv,160p.
_ccm.
490 _aKatha Bharati series : The library of Indian literary classics
650 _aMARATHI LITERATURE
_938000
942 _hO155,3N27x, 111Q3
_cTEXL
_2CC
999 _c420238
_d420238